000 00639nam a2200181 u 4500
001 000749865
003 AM-YeHGA
005 20250617143544.0
008 100709s1969 ||| r 000 0 rus d
040 _aAM-YeHGA
041 0 _arus
100 1 _aМаяковский, Владимир Владимирович,
_d1893-1930
245 1 0 _aХорошо! :
_bОктябрьская поэма /
_cВл. Маяковский.
260 _aМосква :
_bХудожественная литература,
_c1969.
300 _a173 с. :
_bил. ;
_c13 см.
650 1 4 _aРусская литература
_xПоэма
090 _c278695
999 _c277044
_d277044